El Impacto del TLC en la mano de obra femenina en México /

Guardado en:
書目詳細資料
主要作者: Cordero, María Elena
企業作者: UNIFEM
其他作者: Coord
格式: Texto
出版: México, D. F.: Fondo de Desarrollo de las Naciones Unidas para la Mujer
主題:
標簽: 添加標簽
沒有標簽, 成為第一個標記此記錄!

MARC

LEADER 00000 a a2200000 04500
001 29270
003
040
090 |a 191401  
100 |a Cordero, María Elena  
110 |a UNIFEM  
245 |a El Impacto del TLC en la mano de obra femenina en México /  |c María Elena Cordero  
260 |a México, D. F.:   |b Fondo de Desarrollo de las Naciones Unidas para la Mujer  
300 |a 91 p.  
650 |a TLCAN  
650 |a EMPLEO  
650 |a PARTICIPACION DE LA MUJER  
650 |a CRECIMIENTO DEL EMPLEO  
650 |a COMERCIO EXTERIOR  
650 |a POBLACION OCUPADA  
700 |a Coord  
999 |c 10467  |d 10467